Diseño y construcción de una turbina Pelton.
Spremljeno u:
| Glavni autor: | |
|---|---|
| Daljnji autori: | |
| Format: | Knjiga |
| Izdano: |
San José, Costa Rica
1992
|
| Teme: | |
| Oznake: |
Dodaj oznaku
Bez oznaka, Budi prvi tko označuje ovaj zapis!
|
MARC
| LEADER | 00000nam a2200000Ia 4500 | ||
|---|---|---|---|
| 003 | 005405 | ||
| 005 | 20221231144325.0 | ||
| 008 | 140114s1991 cr a m 000 ||s d | ||
| 040 | |c cru CEDI | ||
| 090 | |a TFG 2574 | ||
| 100 | |a Arredondo Salas, Jorge |9 12555 | ||
| 245 | |a Diseño y construcción de una turbina Pelton. | ||
| 260 | |c 1992 |a San José, Costa Rica | ||
| 300 | |a v, [158] hojas : ilustraciones (algunas plegables) ; 28 cm. | ||
| 500 | |a Proyecto de graduación (licenciatura en ingeniería mecánica)--Universidad de Costa Rica. Facultad de Ingeniería. Escuela de Ingeniería Mecánica | ||
| 650 | |x TURBINAS HIDRAULICAS - DISEÑO Y CONSTRUCCION |9 12557 | ||
| 700 | |9 12556 |a Chaverri Corrales, Luis Guillermo | ||
| 942 | |c TFG | ||
| 999 | |c 20154 |d 20154 | ||
